Management /
Kaydedildi:
| Yazar: | |
|---|---|
| Materyal Türü: | Kitap |
| Dil: | English |
| Baskı/Yayın Bilgisi: |
Boston :
Houghton Mifflin,
1999.
|
| Edisyon: | 6th ed. |
| Konular: | |
| Etiketler: |
Etiketle
Etiket eklenmemiş, İlk siz ekleyin!
|
| Thư viện lưu trữ: | Mạng thư viện Đại học Đà Nẵng |
|---|
| LEADER | 00765cam a2200325 i 4500 | ||
|---|---|---|---|
| 001 | 000046149 | ||
| 003 | 5601 | ||
| 005 | 20041028151902.0 | ||
| 008 | 010220b1999 vm 000 eng | ||
| 020 | |a 0395962315 | ||
| 040 | |a IRC |c IRC |d IRC | ||
| 041 | 0 | |a eng | |
| 082 | 1 | 4 | |a 658 |b GR-R |
| 100 | 1 | |a Griffin, Ricky W. | |
| 245 | 1 | 0 | |a Management / |c Ricky W. Griffin. |
| 250 | |a 6th ed. | ||
| 260 | |a Boston : |b Houghton Mifflin, |c 1999. | ||
| 300 | |a xv, 480 p. : |b ill. | ||
| 630 | 0 | 4 | |a Management. |
| 650 | 0 | 4 | |a Management. |
| OWN | |a DUT | ||
| 999 | |a From the UDN01 | ||
| TYP | |a Monograph | ||
| TYP | |a Printed language | ||
| 980 | |a Mạng thư viện Đại học Đà Nẵng | ||


